Režimy prevádzky separátora VVER - 440
Salvato in:
| Autore principale: | |
|---|---|
| Altri autori: | |
| Natura: | Manoscritto Libro |
| Lingua: | slovacco |
| Pubblicazione: |
2025
|
| Soggetti: | |
| Accesso online: | http://is.stuba.sk/zp/portal_zp.pl?podrobnosti=185596 |
| Tags: |
Nessun Tag, puoi essere il primo ad aggiungerne!!
|
MARC
| LEADER | 00000ntm a22000003a 4500 | ||
|---|---|---|---|
| 001 | stuzp104119 | ||
| 003 | SK-STU | ||
| 005 | 20250621210258.8 | ||
| 007 | ta | ||
| 008 | 150427s2015----xo-----f-mn---000-0-slo-d | ||
| 040 | |a STU |b slo | ||
| 041 | 0 | |a slo | |
| 100 | 1 | |a Belov, Aleksandr |u 020060 |k Z4 |4 aut |U SjF Strojnícka fakulta |T SjF Ústav energetických strojov a zariadení |X 128588 |U J0060 |Y 805 |7 128588 | |
| 242 | 0 | 1 | |a Modes of operation for the VVER - 440's separator |y eng |
| 245 | 1 | 0 | |a Režimy prevádzky separátora VVER - 440 |
| 260 | |c 2025 | ||
| 650 | 4 | |a separátor a prehrievač pary |2 slo | |
| 650 | 4 | |a jadrová elektráreň |2 slo | |
| 650 | 4 | |a VVER – 440 |2 slo | |
| 650 | 4 | |a moisture separator reheater |2 eng | |
| 650 | 4 | |a VVER – 440 |2 eng | |
| 650 | 4 | |a nuclear power plant |2 eng | |
| 700 | 1 | |a Világi, František |u 020060 |k Z1 |4 ths |U SjF Strojnícka fakulta |T SjF Ústav energetických strojov a zariadení |X 68944 |U J0060 |Y 805 |7 A000068944 | |
| 856 | 4 | |u http://is.stuba.sk/zp/portal_zp.pl?podrobnosti=185596 | |